LEADER 01981nam0 22004933i 450 001 VAN00267509 005 20250711092450.400 017 70$2N$a9781475740080 100 $a20231122d1964 |0itac50 ba 101 $aeng 102 $aUS 105 $a|||| ||||| 200 1 $aFibre bundles$fDale Husemöller 205 $a2. ed 210 $aNew York$cSpringer$d1964 215 $axv, 327 p.$cill.$d24 cm 410 1$1001VAN00023579$12001 $aGraduate texts in mathematics$1210 $aNew York [etc.]$cSpringer$d1950-$v20 606 $a14Fxx$x(Co)homology theory in algebraic geometry [MSC 2020]$3VANC023895$2MF 606 $a18F15$xAbstract manifolds and fiber bundles (category-theoretic aspects) [MSC 2020]$3VANC037711$2MF 606 $a18F25$xAlgebraic K-theory and L-theory (category-theoretic aspects) [MSC 2020]$3VANC024049$2MF 610 $aAlgebra$9KW:K 610 $aAlgebraic varieties$9KW:K 610 $aBoundary Element Methods$9KW:K 610 $aCharacter$9KW:K 610 $aCharacteristic classes$9KW:K 610 $aConstructions$9KW:K 610 $aDevelopment$9KW:K 610 $aGrothendieck topology$9KW:K 610 $aGroups$9KW:K 610 $aHomotopy$9KW:K 610 $aTime$9KW:K 610 $aTopology$9KW:K 610 $afiber bundleS$9KW:K 620 $aUS$dNew York$3VANL000011 700 1$aHusemöller$bDale$3VANV043915$042117 712 $aSpringer $3VANV108073$4650 801 $aIT$bSOL$c20250718$gRICA 856 4 $uhttps://doi.org/10.1007/978-1-4757-4008-0$zE-book ? Accesso al full-text attraverso riconoscimento IP di Ateneo, proxy e/o Shibboleth 899 $aBIBLIOTECA DEL DIPARTIMENTO DI MATEMATICA E FISICA$1IT-CE0120$2VAN08 912 $fN 912 $aVAN00267509 950 $aBIBLIOTECA DEL DIPARTIMENTO DI MATEMATICA E FISICA$d08DLOAD e-book 7261 $e08eMF7261 20231127 996 $aFibre bundles$9354977 997 $aUNICAMPANIA LEADER 01503nam0 2200361 i 450 001 VAN00051468 005 20260317125422.324 010 $a01-985068-6-4 100 $a20060907d2000 |0itac50 ba 101 $aeng 102 $aGB 105 $a|||| ||||| 181 $ai$b e 182 $an 183 $anc 200 1 $aMultidimensional continued fractions$fFritz Schweiger 210 $aOxford$cOxford University, 2000$d- VI 215 $a234 p. ; 24 410 1$1001VAN00023697$12001 $aOxford science publications$1210 $aOxford [etc.]$cOxford university 606 $a11-XX$xNumber theory [MSC 2020]$3VANC019688$2MF 606 $a11J70$xContinued fractions and generalizations [MSC 2020]$3VANC021430$2MF 606 $a11K50$xMetric theory of continued fractions [MSC 2020]$3VANC021967$2MF 620 $aGB$dOxford$3VANL000020 700 1$aSchweiger$bFritz$3VANV040435$0441282 712 $aOxford University $3VANV107944$4650 790 1$aSchweiger, F.$zSchweiger, Fritz$3VANV259137 801 $aIT$bSOL$c20260320$gRICA 856 4 $u/sebina/repository/catalogazione/documenti/id 51468.pdf$zid 51468.pdf 899 $aBIBLIOTECA DEL DIPARTIMENTO DI MATEMATICA E FISICA$1IT-CE0120$2VAN08 912 $aVAN00051468 950 $aBIBLIOTECA DEL DIPARTIMENTO DI MATEMATICA E FISICA$d08PREST 11-XX 3953 $e08 6603 I 20060907 996 $aMultidimensional continued fractions$91093785 997 $aUNICAMPANIA